|
|
|
|
| LEADER |
01573nam a2200469 a 4500 |
| 001 |
nkc20091996003 |
| 003 |
CZ PrNK |
| 005 |
20091112163531.0 |
| 007 |
ta |
| 008 |
090923s2009 xr ab e f 001 0 cze |
| 015 |
|
|
|a cnb001996003
|
| 020 |
|
|
|a 978-80-86858-85-2
|q (váz.)
|
| 035 |
|
|
|a (OCoLC)465285435
|
| 040 |
|
|
|a OLA001
|b cze
|d ABA001
|
| 043 |
|
|
|a e------
|
| 072 |
|
7 |
|a 59
|x Zoologie
|2 Konspekt
|9 2
|
| 080 |
|
|
|a 598.2
|2 MRF
|
| 080 |
|
|
|a 591.9:630
|2 MRF
|
| 080 |
|
|
|a 591.9
|2 MRF
|
| 080 |
|
|
|a (4)
|2 MRF
|
| 080 |
|
|
|a (084.42)
|2 MRF
|
| 100 |
1 |
|
|a Vašák, Pavel,
|d 1953-2010
|7 mzk2006343327
|4 aut
|
| 245 |
1 |
0 |
|a Lesní ptáci /
|c text Pavel Vašák ; ilustrace Jan Dungel
|
| 250 |
|
|
|a 2., upr. vyd.
|
| 260 |
|
|
|a Praha :
|b Aventinum,
|c 2009
|
| 300 |
|
|
|a 223 s. :
|b il. (převážně barev.), mapy ;
|c 22 cm
|
| 500 |
|
|
|a Obsahuje rejstříky
|
| 650 |
0 |
7 |
|a ptáci
|7 ph115956
|2 czenas
|
| 650 |
0 |
7 |
|a lesní živočichové
|7 ph115122
|2 czenas
|
| 650 |
0 |
7 |
|a fauna
|7 ph114529
|z Evropa
|2 czenas
|
| 650 |
0 |
9 |
|a birds
|2 eczenas
|
| 650 |
0 |
9 |
|a forest animals
|2 eczenas
|
| 650 |
0 |
9 |
|a fauna
|z Europe
|2 eczenas
|
| 655 |
|
7 |
|a atlasy
|7 fd131835
|2 czenas
|
| 655 |
|
9 |
|a atlases
|2 eczenas
|
| 700 |
1 |
|
|a Dungel, Jan,
|d 1951-
|7 jn19981000794
|4 ill
|
| 856 |
4 |
1 |
|u http://www.digitalniknihovna.cz/mzk/uuid/uuid:30012720-0597-11e4-9789-005056827e52
|y Digitalizovaný dokument
|x NDK
|
| 910 |
2 |
|
|a BOA001
|b 2-1229.689
|
| 990 |
|
|
|a BK
|
| 995 |
|
|
|a 01
|
| 991 |
|
|
|b 200910
|c NOV
|j 598.2 VAŠ
|
| 996 |
6 |
|
|b 2610391884
|c 2-1229.689
|l MZK
|r Sklad / do 1 hodiny
|n 1
|p p.v.
|w 000967443
|u 000010
|a 1
|e BOA001
|j MZK50
|s P
|